000
00290 a2200121 4500
000
nam a22 7a 4500
005
20260130123634.0
020
_a
9781836593294
100
_a
Marissa Carter
_9
1112953
245
_a
Personality Psychology
260
_b
Edtech Press
_c
2026
942
_c
TEXL
999
_c
1678423
_d
1678423